| 000 | 00487nam a2200169Ia 4500 | ||
|---|---|---|---|
| 003 | GCL | ||
| 008 | 140319s9999 xx 000 0 aITALIAN d | ||
| 040 |
_aGCL / _cGCL |
||
| 082 | 0 | 4 |
_a791.437 _bV Z |
| 100 | 1 | _aVSTREDNI USTAV ZDRAVOTNICKE OSVETY | |
| 245 | 1 | 0 |
_aZDRAVOTNICKY FILM / _cVSTREDNI USTAV ZDRAVOTNICKE OSVETY |
| 260 |
_a[S.N] : _bSTATNI ZDRAVOTNICKE MAKLDATELSTIVIE ، _c1964 |
||
| 300 | _a242 P | ||
| 650 | 0 | 4 | _aFILM GENERS |
| 650 | 0 | 4 | _aFILM CRITICISM |
| 942 |
_2ddc _cBK |
||
| 999 |
_c12577 _d12577 |
||